| 000 | 00824nam a2200217 a 4500 | ||
|---|---|---|---|
| 001 | 1829184 | ||
| 003 | AM-YeHGA | ||
| 005 | 20250617165032.0 | ||
| 008 | 220414s1955 ai ||||||m||||||0|0|rus|d | ||
| 040 | _aAM-YeHGA | ||
| 041 | 0 | _arus | |
| 100 | 1 | _aБархударян, С. Г. | |
| 245 | 1 | 0 |
_aСредневековые армянские архитекторы и мастера по камню : _bАвтореферат дис. представл. на соискание учен. степени кандидата ист. наук / _cС.Г. Бархударян. |
| 260 |
_aЕреван, _c1955. |
||
| 300 | _a12 с. | ||
| 502 | _aАкад. наук Арм. ССР. Ин-т истории | ||
| 650 | 1 | 4 | _aАрмянская архитектура |
| 655 | 0 | _aThesis | |
| 942 |
_2udc _cTH |
||
| 090 | _c572652 | ||
| 999 |
_c533588 _d533588 |
||